Quizzes
Events
Quiz Creation
Community
Videos
Private Events
Remove Ads
Sign In
Join for FREE
Feedback
Dark Mode
Quiz Categories
Sports
Geography
Music
Movies
Television
Just For Fun
Miscellaneous
History
Literature
Language
Science
Gaming
Entertainment
Religion
Holiday
For Kids
Quiz Lab
Recent
Popular Today
Quiz Kudos Today
Editor Picks
Curator Picks
Quizzes by...
Day
Popularity
Type
Ratings
Length
Year
Community
Subscriptions
Recent Discussions
Orange Saloon
Badges
Playlists
Quests
Create
Leaderboards
Showdown
Live 5
Trivia Bingo
Activity
Puzzle Library
Sporcle Events
Private Events
Virtual Trivia
Globe League
Become a Host
Pub Owners
SporcleCon
Opinionation
Our Games
Videos
Blog
Mobile Apps
Partnerships
Remove Ads and Go Orange
Feedback
Sports
Athletes
MLB
NBA
NHL
NFL
Soccer
Sports Teams
WWE
NCAA
Football
Premier League
Basketball
Baseball
Hockey
Golf
Tennis
Cricket
Rugby
Auto Racing
Olympics
World Cup
Sports
Athletes
MLB
NBA
NHL
NFL
Soccer
Sports Teams
WWE
NCAA
Football
Premier League
Basketball
Baseball
Hockey
Golf
Tennis
Cricket
Rugby
Auto Racing
Olympics
World Cup
Random Quiz
Search Sporcle
×
Quiz Lab
Quiz Lab
Sports
Soccer
Type in answers that appear in a list
Type in answers that appear in a list
Classic
Best Score? Go Orange.
Championship Play-Off Winners' Starting XIs Stats
Can you name the starting XIs of the Division One/Championship play-off winners from 1993 onwards?
By
James_Murton
15m
209 Questions
284 Plays
284 Plays
284 Plays
Comments
Comments
Give Quiz Kudos
Give Quiz Kudos
-
- Ratings
hide this ad
Replay
Link that replays current quiz
Next Quiz
Link to next quiz in quiz playlist
You Got
0%
They Got
Avg Score
34%
Avg Friend Score
Upgrade to see
Score Distribution
Jump to the score distribution portion of the page
Score
0/209
Timer
15:00
0
Plays Today
% Correct
Scott Taylor
87%
Shaun Taylor
86.6%
Michael Johnson
83.8%
Andy Johnson
83.8%
Richard Johnson
82.7%
David Johnson
82%
Seth Johnson
82%
Stern John
81.7%
Bruce Dyer
77.8%
Nathan Dyer
77.8%
Charlie Adam
76.8%
Ashley Williams
75.7%
Gary Taylor-Fletcher
71.5%
Scott Sinclair
70.4%
Jermaine Wright
67.6%
Richard Wright
67.3%
Fraizer Campbell
66.9%
D.J. Campbell
66.9%
Keith Jones
66.5%
Nick Wright
66.5%
Wade Elliott
66.5%
Kenny Miller
64.1%
Marcus Stewart
63%
Jordan Stewart
63%
Ashley Young
63%
Brian Jensen
63%
Nathan Blake
61.6%
Robbie Blake
61.6%
Paul Ince
59.5%
Muzzy Izzet
59.2%
Matthew Gilks
59.2%
Jimmy Phillips
58.8%
Emile Heskey
58.5%
Joe Allen
58.5%
Leon Britton
58.1%
Kevin Nolan
57%
Jimmy Walker
57%
Marlon Harewood
56.7%
Dean Windass
56%
Angel Rangel
55.6%
Scott Green
53.5%
Steve Claridge
52.5%
Marcus King
52.5%
Ben Foster
52.1%
Steve Walsh
50.7%
Steve Walsh
50.7%
Alan Thompson
49.6%
Steven Thompson
49.6%
Clive Mendonca
49.3%
Iwan Roberts
48.9%
Andy Roberts
48.9%
Paul Robinson
48.9%
Boaz Myhill
48.9%
Ian Evatt
48.6%
Matt Holland
48.2%
Garry Parker
47.9%
Neil Lennon
47.5%
Matt Murray
47.5%
Gary Monk
46.8%
Bobby Zamora
46.5%
Wayne Brown
45.8%
Bryan Hughes
45.4%
Wayne Routledge
45.4%
Darren Moore
45.4%
Bryan Hughes
45.4%
Alec Chamberlain
45.1%
Michael Hughes
44.7%
Stephen Bywater
44%
Gavin Ward
43.7%
Elliott Ward
43.7%
% Correct
Ricardo Gardner
43%
Chris Powell
43%
Andy Dawson
42.6%
Dorus De Vries
41.5%
Glenn Hoddle
40.5%
Sam Ricketts
40.5%
Matthew Etherington
39.8%
Denis Irwin
39.4%
Michael Turner
38.7%
Graham Alexander
38.7%
Gudni Bergsson
38%
Gudni Bergsson
38%
Sasa Ilic
37.3%
Richard Rufus
36.3%
Anton Ferdinand
36.3%
David Vaughan
36.3%
Per Frandsen
35.6%
Fraser Digby
35.2%
Alex Baptiste
34.9%
Neil Shipperley
34.5%
Danny Mills
34.5%
Neil Shipperley
34.5%
Nick Barmby
34.5%
Stephen Crainey
33.8%
Colin Cameron
33.5%
Nigel Reo-Coker
33.5%
Kevin Poole
33.1%
Peter Kennedy
33.1%
Mark Kennedy
33.1%
Mark Venus
32.7%
Keith Branagan
32%
John McGinlay
32%
Nico Vaesen
32%
Nico Vaesen
32%
Michael Duff
32%
Alan Tate
31.7%
Jamie Clapham
31.3%
Jay Demerit
31.3%
Brett Ormerod
31%
Tyrone Mears
30.6%
Clarke Carlisle
29.9%
Ian Ashbee
29.6%
Stephen Pearson
28.5%
Hayden Mullins
28.2%
Joleon Lescott
27.8%
Dean Holdsworth
27.1%
Lee Naylor
27.1%
Tomas Repka
27.1%
Jason McAteer
26.4%
Matthew Clarke
26.4%
Lloyd Doyley
26.4%
Darius Henderson
26.1%
Shaun Newton
25.7%
Shaun Newton
25.7%
Shaun Newton
25.7%
Martin Paterson
25.4%
Jim Magilton
25%
Mark Bright
24.6%
Tony Popovic
24.3%
David Hopkin
23.6%
Mark Kinsella
23.6%
John McGreal
23.6%
Owen Coyle
22.2%
Simon Charlton
22.2%
Craig Fagan
22.2%
Tony Mowbray
21.8%
Geoff Horsfield
21.8%
Fabio Borini
21.8%
Mike Whitlow
21.5%
Mike Whitlow
21.5%
% Correct
Paul Bodin
21.1%
Alan Stubbs
21.1%
Dean Gordon
21.1%
Tommy Mooney
21.1%
Tommy Mooney
21.1%
Martin Grainger
20.8%
Keith Southern
20.8%
Nicky Summerbee
20.4%
Dean Leacock
20.4%
Stephen Dobbie
20.4%
Simon Grayson
20.1%
Simon Grayson
20.1%
Colin Hendry
20.1%
Richard Garcia
20.1%
Seamus Coleman
19.7%
Robert Page
19%
Steve Howard
19%
Matt Oakley
18.7%
John Moncur
18.3%
Simon Rodger
18%
Malky Mackay
18%
Marc Edworthy
17.6%
Micah Hyde
17.6%
Neil McDonald
17.3%
Steven Caldwell
17.3%
Bo Hansen
16.9%
Gavin Mahon
16.9%
Paul Butler
16.2%
Danny Butterfield
15.8%
Colin Calderwood
15.5%
Eddie Youds
15.1%
Jeff Kenna
15.1%
Michael Ngonge
14.8%
Aki Riihilahti
14.8%
Shaun Derry
14.8%
Danny Granville
14.1%
Mixu Paatelainen
13%
Steve Palmer
13%
Craig Maskell
12.7%
Martin Ling
12%
Kevin Muscat
11.6%
Anthony Barness
11.3%
James Chambers
11.3%
Julian Watts
10.6%
Andy Linighan
10.6%
Carlo Nash
10.2%
David Tuttle
10.2%
Paul Devlin
9.5%
James McEveley
9.5%
Olivier Tebily
8.8%
Steve Vickers
8.8%
Gareth Farrelly
8.1%
Jimmy Willis
7.7%
David Mitchell
7.4%
Matthew Spring
7.4%
Ian Ormondroyd
6.7%
Mark Bowen
6.7%
Darren Bazeley
6.3%
Gary Croft
6%
Christian Kalvenes
6%
Mikele Leigertwood
5.6%
Colin Gibson
4.6%
Ross MacLaren
4.2%
Gary Coatsworth
3.9%
Brian Carey
3.5%
Paul Peschisolido
3.2%
Neil Heaney
1.8%
Chris McMann
1.8%
Mark Drake
1.1%
Quiz Playlist
Details
Report
Send in Message
Add To Playlist
Classic:
Type in answers that appear in a list
Last Updated: Feb 16, 2017
Quiz Scoreboard
CHALLENGE
Sign Up to Join the Scoreboard
Show All
Scores
Hide
Comments
May contain spoilers
Recently Published
Billboard Blitz: Fleetwood Mac
by CooCooCachoo
Music
15s
Presidents Visiting Landmarks
by Hejman
History
7m
An Introduction to Baseball
by treessimontrees
Sports
5m
More to Explore
Quiz From the Vault
Featured Blog Post
Where Did the Easter Bunny Come From?
hide this ad
You Might Also Like...
Tags
Soccer Quiz
Championship
Football Championships
Football League
Today's Top Quizzes in Sports
Browse Sports
hide this ad
Today's Top Quizzes in Soccer
Browse Soccer
Top Contributed Quizzes in Sports
1
Les meilleurs buteurs des matchs entre le PSG et l’OM
2
2022 World Cup Stars
3
FIFA Club World Cup Champions
4
Les entraîneurs de l'OM et du PSG au 21e siècle
5
Criteria MLB: Left Handed Sluggers
6
Name the Premier League winners with different clubs
7
5-to-1: UK Sports Teams
8
AFC Teams Reveal (Wrong Answers Minefield)
9
Players with Multiple 50 Home Run Seasons
10
5-to-1: FBS Animal Nicknames
Explore More
Trending Topics
Disney
Kpop
Marvel
NBA
Anime
Crossword
Harry Potter
Puzzle
NFL
Pokémon
The Office
WWE
Country
Soccer
Song
hide this ad
More By:
James_Murton
Quiz
Plays
Rating
Category
Featured
Created
Both Played and Managed in EPL
3,361
4.47
Sports
Feb 8, 2011
Championship Play-Off Winners' Starting XIs
284
5.00
Sports
May 30, 2011
QI panellists
275
4.00
Television
Aug 19, 2010
Strips featured on the Comics Curmudgeon
211
4.38
Entertainment
Oct 12, 2010
Premier League Top Scorers 09-10
125
4.20
Sports
Aug 19, 2010
Go to Creator's Profile
Score Distribution
Quiz Creator Spotlight
James_Murton
Follow
Send a Message
Quizzes Created
-
Created Quiz Play Count
-
More By This Creator
Popular Quizzes Today
1
Find the US States - No Outlines Minefield
2
Find the Countries of Europe - No Outlines Minefield
3
The Countries of the World
4
Find the US States
5
US States
6
Popular People in 1961
7
Risky Map Clicking: Biggest States A-Z
8
Movies - When Are They Set?
More Sports Quizzes
Click the members of Right to Censor
Quiz Lab
Trending Quizzes
Risky Map Clicking: Least Populous States A-Z
1-10 Letter G Words
1-10 Letter F Words
Risky Map Clicking: Next State Alphabetically
Risky Map Clicking: Biggest States A-Z
Recently Updated
Leaping Animals
pecheneg
Reality TV Shows (A-Z)
bhenderson79
Rickey Henderson's Hall of Fame Teammates
pecheneg
Champions League XIs: Arsenal
pecheneg
Quick Pick: Celebrities in WWE's Hall of Fame
aduchscher
A-Z Keypad Blitz II
pecheneg
Multiple Oscar Actors
pecheneg
Mystery Phrase Blitz: Oscar 'Best Actors'
pecheneg
F. Scott Fitzgerald Novels
LTH
Pick 3 Villains
ddd62291
Trending Topics
Kpop
Disney
Anime
Marvel
NBA
Crossword
Harry Potter
The Office
Country
Soccer
Song
Puzzle
WWE
Pokémon
NFL
Your Account Isn't Verified!
In order to create a playlist on Sporcle, you need to verify the email address you used during registration. Go to your
Sporcle Settings
to finish the process.
Report this User
Report this user for behavior that violates our
Community Guidelines
.
Details:
Send Report
Go to the Sporcle.com Mobile Site →
Comments